000 00717nam a2200217Ia 4500
003 OSt
005 20250927121917.0
008 210719s2017 xx 000 0 und d
040 _cAL
041 _aKannada
082 _a398.2K JOSK
100 _aJOSHI (M Prabhakara)
_dಜೋಶಿ (ಎಂ ಪ್ರಭಾಕರ )
_9240854
245 _aKoralara: yakshagana vimarsha sankalana
_bಕೊರಳರ : ಯಕ್ಷಗಾನ ವಿಮರ್ಶ ಸಂಕಲನ
260 _aMangaluru
_bAkrati Ashaya Pablications
_c2017
300 _axiii,106
_bPB
365 _b150
_cRs
650 _aFolklore
_9240855
650 _aYakshagana
_9240856
906 _aKoralara: ; sankalana ; vimarsha ; yakshagana
942 _2ddc
_cBK
999 _c211729
_d211729